| 000 | 00811nam a2200253Ia 4500 | ||
|---|---|---|---|
| 003 | OSt | ||
| 005 | 20221002044852.0 | ||
| 006 | a|||||r|||| 00| 0 | ||
| 007 | ta | ||
| 008 | 220930b |||||||| |||| 00| 0 eng d | ||
| 020 |
_a9780195182057 (hbk) _c7669.5 |
||
| 024 | _a94540 | ||
| 037 |
_b27458, 08/03/2009, Segment Book Distributors _cReference Collections |
||
| 040 |
_aCRL _cCRL _beng |
||
| 041 |
_2eng _aeng |
||
| 082 | _aG:(R)g, P8 (RR) | ||
| 100 | _aRuse Michael Ed. | ||
| 245 | 0 | _aOxford handbook of philosophy of Biology | |
| 260 |
_aOxford _bOxford University Press U.S.A _c2008 |
||
| 300 |
_axiv, 642p. _ccm. |
||
| 650 | _aBIOLOGY | ||
| 942 |
_hG:(R)g, P8 (RR) _cref _2CC |
||
| 999 |
_c911338 _d911338 |
||